01123cam a22002891 4500001001300000003000400013005001700017008004100034010001700075035002000092040004400112042001200156050003100168082001300199100003200212245007300244260007000317300004000387490011200427500006100539504003400600650003000634650003600664830005100700830006500751999001700816gs 47000326 DLC20260227111353.0891026s1946 sw ab b 000 0 swe c ags 47000326  a(OCoLC)20553429 aU.S. Geol. Survey. LibrarycCUdCUdDLC apremarc00aQE282b.A3 ser. C, no. 481 a554.85 s1 aMunthe, Henrik,d1860-1958.00aNya bidrag till kannedomen om Härnögyttjan,cav Henr. Munthe ... aStockholm,bKungl. boktryckeriet, P.A. Norstedt & söner,c1946. a16 p. incl. illus., tables.c24 cm.1 aSweden. Geologiska undersökningen. Ser. C. Avhandlingar och uppsatser.vn:o 481. Årsbok 40 (1946) n:o 5 aAt head of title: Sveriges geologiske undersökning ... a"Anförd litteratur": p. 16. 0aPaleontologyyQuaternary. 0aPaleontologyzSwedenzNorrland. 0aSer. C--Avhandlingar och uppsatser ;vn:o 481. 0aÅrsbok (Sveriges geologiska undersökning) ;v40 : n:o 5. c28212d28212